¿La gestión colateral?: políticas públicas de cultura y pobreza como condición cultural en Cuba /
Se indaga la manera en que las políticas culturales cubanas enfocan el tema de la pobreza en su discurso y práctica. Para esto, se evalua la intervención de las políticas públicas de cultura dentro de la trama de políticas sociales supuestamente al margen del orden sociopolítico y económico capitali...
Сохранить в:
| Главный автор: | |
|---|---|
| Формат: | Текст |
| Язык: | Spanish |
| Предметы: | |
| Метки: |
Добавить метку
Нет меток, Требуется 1-ая метка записи!
|
MARC
| LEADER | 00000 a a2200000 04500 | ||
|---|---|---|---|
| 001 | 44620 | ||
| 003 | cru CIDCACS/IIS | ||
| 005 | 20171117110955.0 | ||
| 008 | 171117b xxu||||| |||| 00| 0 spa d | ||
| 999 | |c 31162 |d 31162 | ||
| 040 | |c cru CIDCACS/IIS | ||
| 100 | |a Rodríguez Oliva, Lázaro I. | ||
| 245 | |a ¿La gestión colateral?: |b políticas públicas de cultura y pobreza como condición cultural en Cuba / |c Lázaro I. Rodríguez Oliva | ||
| 520 | |a Se indaga la manera en que las políticas culturales cubanas enfocan el tema de la pobreza en su discurso y práctica. Para esto, se evalua la intervención de las políticas públicas de cultura dentro de la trama de políticas sociales supuestamente al margen del orden sociopolítico y económico capitalista dominante. El problema de la pobreza se asume como condición cultural, teniendo en cuenta las variables que el bloqueo económico de los Estados Unidos impone a la isla. Para esto se realiza una investigación cualitativa y de análisis sociopolítico. Los resultados apuntan a la necesidad de complementar las políticas públicas con una perspectiva más integral del ser humano; además se indican contradicciones políticas y estratégicas de peso, que ayudarían al campo político, a mejorar el impacto social y los mecanismos de participación de los más desaventajados en la toma de decisiones. | ||
| 650 | 1 | 0 | |9 2521 |a POLITICA CULTURAL |
| 650 | 1 | 0 | |9 284 |a POBREZA |
| 650 | 1 | 0 | |9 2806 |a RELACIONES ECONOMICAS INTERNACIONALES |
| 650 | 1 | 0 | |9 576 |a BLOQUEO |
| 651 | 4 | |9 1846 |a CUBA | |
| 773 | |g páginas 63-100 | ||
| 942 | |2 ddc |c LI | ||
